Nennen Sie die 16 deutschen Bundesländer und dann die 16 Hauptstädte - Statistiken

Allgemein
  • Dieses Quiz wurde 936 mal gespielt
  • Das Durchschnittsergebnis liegt bei 29 aus 32
Antwortstatistiken
Hint Antwort % Korrekt
2 Bayern
98%
3 Berlin
98%
3 Berlin
98%
6 Hamburg
98%
6 Hamburg
98%
13 Sachsen
97%
5 Bremen
96%
5 Bremen
96%
2 München
95%
10 Nordrhein-Westfalen
95%
14 Sachsen-Anhalt
95%
7 Hessen
94%
9 Niedersachsen
94%
1 Baden-Württemberg
93%
8 Mecklenburg-Vorpommern
93%
12 Saarland
93%
16 Thüringen
93%
4 Brandenburg
92%
15 Schleswig-Holstein
92%
11 Rheinland-Pfalz
91%
12 Saarbrücken
90%
15 Kiel
88%
10 Düsseldorf
87%
1 Stuttgart
87%
13 Dresden
84%
4 Potsdam
83%
9 Hannover
82%
16 Erfurt
81%
11 Mainz
79%
8 Schwerin
78%
7 Wiesbaden
77%
14 Magdeburg
73%
Keine übereinstimmenden Quizze gefunden
Verteilung der Resultate
Anzahl Personen mit jedem Resultat
Perzentil nach korrekt beantworteten Fragen
Ihre Resultats-Entwicklung
Sie haben dieses Quiz noch nicht gespielt